00835 2200289 4500001002100000005001700021008004100038020002200079035002400101040001200125041000800137082001400145084001400159090001800173100002700191245011100218250001100329260003900340300003600379500001100415504002700426650001300453700002400466700002100490850001200511990002200523INLIS00000000002980420170818082022.0  a978-602-2340-87-4 0010-081700000000010 aYOPDYOG0 aind042[23]a516 a516 Est M aDEP 516 Est M1 aESTI WIDIYANINGRUM, P.1 aMempelajari bangun datar segi empatc/ P. Esti Widyaningrum; editor, Dawig Roosbiyantana, Ratna Sari Utami aCet. 1 aYogyakartabCitra Aji Paramac2013 aiv, 108 hlm.b: ilus.c; 21 cm. aIndeks aBibliografi : hlm. 107 4aGeometri0 aDawig Roosbiyantana0 aRatna Sari Utami aYOPDYOG aCB-D.11/2013-2666